<?xml version="1.0" encoding="UTF-8"?><collection xmlns="info:lc/xmlns/marcxchange-v2"><record format="Unimarc" type="bibliographic"><leader>00763nam  2200229   450 </leader><controlfield tag="001">2369873</controlfield><controlfield tag="003">http://id.bnportugal.gov.pt/bib/porbase/2369873</controlfield><controlfield tag="005">20090128172707</controlfield><datafield ind1=" " ind2=" " tag="010"><subfield code="a">978-0-443-10179-3</subfield></datafield><datafield ind1=" " ind2=" " tag="035"><subfield code="a">ipslv001.iso/01-04-2011/2408</subfield></datafield><datafield ind1=" " ind2=" " tag="035"><subfield code="a">IPSLV20080624163212</subfield></datafield><datafield ind1=" " ind2=" " tag="100"><subfield code="a">20080624d2008    k  y0porb0103    ba</subfield></datafield><datafield ind1="0" ind2=" " tag="101"><subfield code="a">eng</subfield></datafield><datafield ind1=" " ind2=" " tag="102"><subfield code="a">GB</subfield></datafield><datafield ind1="1" ind2=" " tag="200"><subfield code="a">Electrotherapy</subfield><subfield code="e">Evidence based-practice</subfield><subfield code="f">Ed. Tim Watson</subfield></datafield><datafield ind1=" " ind2=" " tag="205"><subfield code="a">12.ª edição</subfield></datafield><datafield ind1=" " ind2=" " tag="210"><subfield code="a">Edinburgh ; Nova Iorque</subfield><subfield code="c">Churchill Livingstone</subfield><subfield code="d">2008</subfield></datafield><datafield ind1=" " ind2=" " tag="215"><subfield code="a">401 p</subfield></datafield><datafield ind1=" " ind2=" " tag="321"><subfield code="a">Índice: p. 389 - 401</subfield></datafield><datafield ind1=" " ind2=" " tag="675"><subfield code="a">615.8</subfield><subfield code="v">BN</subfield><subfield code="z">por</subfield></datafield><datafield ind1=" " ind2="1" tag="702"><subfield code="a">Watson</subfield><subfield code="b">Tim</subfield><subfield code="4">340</subfield></datafield><datafield ind1=" " ind2="0" tag="801"><subfield code="a">PT</subfield><subfield code="b">IPSLV</subfield><subfield code="c">20080624</subfield><subfield code="g">RPC</subfield></datafield><datafield ind1=" " ind2=" " tag="859"><subfield code="u">\\10.140.50.11\bibliobase\capas digitalizadas\615.8 - fisioterapia\Imagem 014.jpg</subfield><subfield code="z">Capa</subfield></datafield></record></collection>